000 00906nas a2200289 4500
001 BR2014000065
003 BR-BrBNA
005 20231205123547.0
007 ta
008 230509b bl.|||p| |||| 00| 00por d
040 _aBR-BrBNA
_bpor
_cBiblioteca Nacional de Agricultura
041 _a(Pt)
072 _aH10
100 1 _aBitencourth, K.
100 1 _aTeixeira, R.H.F.
100 1 _aAmorim, M.
100 1 _aGazêta, G.S.
100 1 _aFreire, N.M.S.
245 1 _aAnálise do número de cerdas internas do órgão de Haller de larvas de Amblyomma nodosum Neumann (Acari, Ixodidae)
650 _aCARRAPATO
650 _aLARVA
650 _aANÁLISE DE LABORATÓRIO
650 _aHOSPEDEIRO
773 0 _tRevista Brasileira de Entomologia (Brazil)
_xISSN 0085-5626
_g(Jan-Mar 2007), V. 51(1) p. 58-61
_wBR2014000065
909 _a202311
_bLúcia
_c55
_dLúcia Elande
942 _2AGRIS
_n0
_cANA
999 _c234524
_d234524